| 000 | 00419nam a2200157Ia 4500 | ||
|---|---|---|---|
| 008 | 210716s2011 xx 000 0 und d | ||
| 020 | _a9780070144712 | ||
| 041 | _aeng | ||
| 082 | _a005.453 RAGV | ||
| 100 | _aRaghavan, V. | ||
| 245 | _aPrinciples of complier design. | ||
| 250 | _a1 | ||
| 260 |
_aNew Delhi _bTata McGraw Hill Education Private Limited _c2011 |
||
| 300 | _axvii,581 | ||
| 650 | _aCompilers(005.453) | ||
| 999 |
_c193290 _d193290 |
||